Stewardship in mission (Record no. 2746)

MARC details
000 -LEADER
fixed length control field 00854cam a22002651 4500
001 - CONTROL NUMBER
control field 6112474
003 - CONTROL NUMBER IDENTIFIER
control field GBCCL
005 - DATE AND TIME OF LATEST TRANSACTION
control field 20241126110438.0
008 - FIXED-LENGTH DATA ELEMENTS--GENERAL INFORMATION
fixed length control field 770618s1964 xx 000 0 eng
010 ## -
-- 64020978
035 ## - SYSTEM CONTROL NUMBER
System control number (OCoLC)3051364
040 ## - CATALOGING SOURCE
Original cataloging agency DLC
Transcribing agency OC
Modifying agency OCoLC
-- DLC
042 ## -
-- premarc
050 00 -
-- BV772
-- .T48
082 ## - DEWEY DECIMAL CLASSIFICATION NUMBER
Classification number 248.6
Item number THO
100 1# - MAIN ENTRY--PERSONAL NAME
Personal name Thomas, Winburn Townshed,
Dates associated with a name 1909-1981,
Relator term ed.
9 (RLIN) 5806
245 10 - TITLE STATEMENT
Title Stewardship in mission
Statement of responsibility, etc. [edited] by Winburn T. Thomas. Authors: Elmer J. F. Arndt [and others]
260 ## - PUBLICATION, DISTRIBUTION, ETC.
Place of publication, distribution, etc. Englewood Cliffs, N.J.,
Name of publisher, distributor, etc. Prentice-Hall
Date of publication, distribution, etc. [1964]
300 ## - PHYSICAL DESCRIPTION
Extent xiv, 114 p.
Dimensions 21 cm.
490 0# - SERIES STATEMENT
Series statement Library of Christian stewardship,
Volume/sequential designation LCS-2
504 ## - BIBLIOGRAPHY, ETC. NOTE
Bibliography, etc. note Bibliographical footnotes.
650 #0 - SUBJECT ADDED ENTRY--TOPICAL TERM
Topical term or geographic name entry element Christian stewardship.
9 (RLIN) 3460
906 ## - LOCAL DATA ELEMENT F, LDF (RLIN)
a 7
b cbc
c oclcrpl
d u
e ncip
f 19
g y-gencatlg
942 ## - ADDED ENTRY ELEMENTS (KOHA)
Source of classification or shelving scheme Dewey Decimal Classification
Koha item type Books
Koha issues (borrowed), all copies 3
Holdings
Withdrawn status Lost status Source of classification or shelving scheme Damaged status Not for loan Home library Current Library Shelving location Date acquired Total checkouts Total renewals Full call number Barcode Date last seen Date last checked out Copy number Price effective from Koha item type
    Dewey Decimal Classification     GRACE BIBLE COLLEGE GRACE BIBLE COLLEGE Ministry & Mission 2017-09-14 4 1 248.6 THO 003308 2025-08-06 2025-07-30 c.1 2017-09-14 Books
© Grace Bible College Library 2025